| 000 | 00719nam a2200205 i 4500 | ||
|---|---|---|---|
| 001 | 35658 | ||
| 003 | ES-MaACL | ||
| 005 | 20250813063300.0 | ||
| 007 | t| | ||
| 008 | 030213s1975 sp ||||1| spa d | ||
| 100 | 1 |
_aBrecht, Bertolt, _d1898-1956 _931544 |
|
| 245 | 1 | 0 |
_aBrecht y el realismo dialéctico / _cBertolt Brecht ; selección, prólogo, cronología y bibliografía Juan Antonio Hormigón ; [traducción, J. Ocina y Mariano Anós]. |
| 260 |
_a[Madrid : _bAlberto Corazón, _c1975] |
||
| 300 |
_a399 p. ; _c21 cm. |
||
| 700 | 1 |
_aHormigón, Juan Antonio. _964204 |
|
| 700 | 1 |
_aOcina, J. _986502 |
|
| 700 | 1 |
_aAnós, Mariano. _921816 |
|
| 852 |
_aES-MaACL _jE-7328 _bR.91971 |
||
| 999 |
_c35658 _d35658 |
||